|
|
|
|
| LEADER |
00888nab a2200241 i 4500 |
| 001 |
misc66308 |
| 005 |
20230505133152.0 |
| 008 |
230222s1935 hu o 0|| eng d |
| 040 |
|
|
|a SZTE Miscellanea Repozitórium
|b hun
|
| 041 |
|
|
|a eng
|
| 100 |
1 |
|
|a Somogyi József
|
| 245 |
1 |
2 |
|a A collection of the literary remains of Ignace Goldziher
|h [elektronikus dokumentum] /
|c Somogyi József
|
| 260 |
|
|
|c 1935
|
| 300 |
|
|
|a 149-154
|c 22 cm
|
| 300 |
|
|
|a [16] p.
|c 22 cm
|
| 490 |
0 |
|
|a Journal of the Royal Asiatic Society of Great Britain & Ireland
|
| 561 |
|
|
|a Németh Gyula hagyaték
|
| 591 |
|
|
|a NOZ 5689
|
| 650 |
|
4 |
|a Bölcsészettudományok
|
| 650 |
|
4 |
|a Történettudomány és régészet
|
| 650 |
|
4 |
|a Nyelvek és irodalom
|
| 695 |
|
|
|a Goldziher Ignác, Keletkutatás - Magyarország - 19-20. sz. - életmű
|
| 856 |
4 |
0 |
|u http://misc.bibl.u-szeged.hu/66308/1/5689_noz.pdf
|z Dokumentum-elérés
|